000 01057nam a2200289Ia 4500
001 ebr5003768
003 CaPaEBR
006 m u
007 cr cn|||||||||
008 010813s1986 enkb sb 000 0 eng d
020 _z0415045959
040 _aCaPaEBR
_cCaPaEBR
035 _a(OCoLC)70746010
050 1 4 _aDG552
_b.G66 1986eb
100 1 _aGooch, John.
245 1 4 _aThe unification of Italy
_h[electronic resource] /
_cJohn Gooch.
260 _aLondon :
_bMethuen,
_c1986.
300 _axiv, 42 p. :
_bmap.
490 1 _aLancaster pamphlets
504 _aIncludes bibliographical references.
533 _aElectronic reproduction.
_bPalo Alto, Calif. :
_cebrary,
_d2009.
_nAvailable via World Wide Web.
_nAccess may be limited to ebrary affiliated libraries.
651 0 _aItaly
_xHistory
_y1849-1870.
655 7 _aElectronic books.
_2local
710 2 _aebrary, Inc.
830 0 _aLancaster pamphlets.
856 4 0 _uhttp://site.ebrary.com/lib/rucke/Doc?id=5003768
_zAn electronic book accessible through the World Wide Web; click to view
999 _c279
_d279